| 000 | 00691nam a2200229 u 4500 | ||
|---|---|---|---|
| 005 | 20240913064038.0 | ||
| 008 | 170830s2006 es r 000 0 spa d | ||
| 020 | _a8423678768 | ||
| 035 | _aUPN01000220070 | ||
| 049 | _aI | ||
| 050 | 4 |
_aPZ71 _bC3.25 |
|
| 100 | 1 |
_aCandell, Arianna _933250 |
|
| 245 | 1 | 0 |
_aCómo comportarse en la escuela / _cArianna Candell ; il. Rosa M. Curto. |
| 260 |
_aBarcelona, Esp. : _bEdebé, _c2006. |
||
| 300 |
_a35 p. : _bil. col. |
||
| 650 | 4 |
_aLibros y lectura para niños _92290 |
|
| 650 | 2 |
_aEscuelas _vLiteratura infantil _922046 |
|
| 650 | 4 |
_aCONDUCTA ESTUDIANTIL _99301 |
|
| 700 | 1 |
_aCurto, Rosa M., _eil. |
|
| 905 | _aInfantil | ||
| 999 |
_c192169 _d192169 |
||